|
|
|
|
| LEADER |
00000nam0a2200000 4500 |
| 001 |
256512 |
| 005 |
20231101233125.0 |
| 035 |
|
|
|a (RuTPU)RU\TPU\book\279214
|
| 090 |
|
|
|a 256512
|
| 100 |
|
|
|a 20140409d1986 km y0rusy50 ca
|
| 101 |
0 |
|
|a rus
|
| 102 |
|
|
|a RU
|
| 105 |
|
|
|a y g 001zy
|
| 200 |
1 |
|
|a Автоматическая информационно-диагностическая система для минералов
|e справочное пособие
|f В. Г. Фекличев [и др.]
|
| 210 |
|
|
|a Москва
|c Недра
|d 1986
|
| 215 |
|
|
|a 183 с.
|
| 320 |
|
|
|a Библиогр.: с. 140-142.
|
| 606 |
1 |
|
|a Минералы
|x Определение
|2 stltpush
|3 (RuTPU)RU\TPU\subj\43968
|9 63375
|
| 610 |
1 |
|
|a информация
|
| 610 |
1 |
|
|a сбор
|
| 610 |
1 |
|
|a банк данных
|
| 610 |
1 |
|
|a данные
|
| 610 |
1 |
|
|a АИДС
|
| 610 |
1 |
|
|a автоматическая информационно-диагностическая система
|
| 610 |
1 |
|
|a прозрачные минералы
|
| 610 |
1 |
|
|a непрозрачные минералы
|
| 610 |
1 |
|
|a диагностика
|
| 610 |
1 |
|
|a подсистемы
|
| 610 |
1 |
|
|a дисперсные минералы
|
| 610 |
1 |
|
|a совершенствование
|
| 610 |
1 |
|
|a справочные пособия
|
| 675 |
|
|
|a 549.08(035)
|v 3
|
| 701 |
|
1 |
|a Фекличев
|b В. Г.
|
| 701 |
|
1 |
|a Григоращенко
|b Н. Д.
|
| 701 |
|
1 |
|a Поздняков
|b Э. Н.
|
| 701 |
|
1 |
|a Ильяшенко
|b Ю. И.
|
| 801 |
|
1 |
|a RU
|b 63413507
|c 20140409
|
| 801 |
|
2 |
|a RU
|b 63413507
|c 20220728
|g RCR
|
| 942 |
|
|
|c BK
|